Countries Never Colonized by Europeans - Statistics

General Stats
  • This quiz has been taken 49,211 times
    44,574 since last reset
  • The average score is 12 of 16
Answer Stats
Continent Country % Correct
Asia Japan
92%
Asia China
91%
Asia South Korea
82%
Asia Mongolia
81%
Asia North Korea
81%
Asia Iran
77%
Asia Nepal
77%
Asia Bhutan
74%
Asia Thailand
74%
Africa Ethiopia
72%
Asia Saudi Arabia
71%
Asia Afghanistan
68%
Asia Yemen
67%
Asia Turkey
58%
Africa Liberia
55%
Oceania Tonga
55%
No matching quizzes found
Score Distribution
Percent of People with Each Score
Percentile by Number Answered
Your Score History
You have not taken this quiz since the last reset